000 00873nam a2200253Ia 4500
003 OSt
005 20220923211615.0
006 a|||||r|||| 00| 0
007 ta
008 220922b |||||||| |||| 00| 0 hin d
024 _a3,442
037 _cTextual
040 _aARTS
_cARTS
_bhin
041 _2hin
_ahin
082 _az44jM90, 152N4
245 0 _aसम्पूर्णानन्द
_b जीवन एवं चिन्तन
246 _aSampūrṇānanda: jīvan evan chintana
260 _aवाराणसी
_b सम्पूर्णानन्द संस्कृत विश्वविद्यालय
_c1994
300 _a192पृ.
_ccm.
490 _aSampurnananda granthmala( 17
650 _aहिन्दी साहित्य
_9156264
942 _hz44jM90, 152N4
_cTEXL
_2CC
999 _c301362
_d301362